An extract of a letter from Mr. John Murray, preacher of the Gospel at New-York, to the Rev. Mr. Moorhead, in Boston; dated June 6. 1764.

Bibliographic Details
Main Author: Murray, John, 1742-1793
Other Authors: Moorhead, John, 1703-1773
Format: eBook
Language:English
Published: [Boston?] : [publisher not identified], [1764?]
Series:Early American imprints. Evans (1639-1800) ; no. 9745.
Subjects:
Online Access:Evans Digital Edition

MARC

Tag First Indicator Second Indicator Subfields
LEADER 00000cam a2200000 a 4500
001 in00002143821
006 m e d #
007 cr mn mmmmabba
008 821118s1764 mau s 000 0 eng d
005 20260331160124.7
035 |z w032239 
035 |a MAAR8211182307B 
035 |9 mwa91-18389 
035 |a 324009 
035 |a aas03032239 
040 |a MWA  |c MWA  |e bdrb  |d UtOrBLW 
100 1 |a Murray, John,  |d 1742-1793. 
245 1 3 |a An extract of a letter from Mr. John Murray, preacher of the Gospel at New-York, to the Rev. Mr. Moorhead, in Boston; dated June 6. 1764. 
264 1 |a [Boston?] :  |b [publisher not identified],  |c [1764?] 
300 |a 4 pages ;  |c 15 cm. 
336 |a text  |b txt  |2 rdacontent 
337 |a computer  |b c  |2 rdamedia 
338 |a online resource  |b cr  |2 rdacarrier 
500 |a Caption title. 
510 4 |a Evans  |c 9745 
530 |a Microform version available in the Readex Early American Imprints series. 
533 |a Electronic text and image data.  |b [Chester, Vt. :  |c Readex, a division of Newsbank, Inc.,  |d 2002-2004.  |e Includes files in TIFF, GIF and PDF formats with inclusion of keyword searchable text.  |f (Early American imprints. First series ; no. 9745). 
500 |a Electronic resource. 
650 0 |a Revivals  |z New York (State)  |z Long Island. 
650 0 |a Enthusiasm. 
700 1 |a Moorhead, John,  |d 1703-1773. 
740 0 |a Extract of a letter from Mr. John Murray. 
752 |a United States  |b Massachusetts  |d Boston. 
830 0 |a Early American imprints.  |n Series I,  |p Evans (1639-1800) ;  |v no. 9745. 
856 4 1 |u http://proxy.library.tamu.edu/login?url=https://opac.newsbank.com/select/evans/9745  |y Evans Digital Edition  |t 0 
999 |a MARS 
999 f f |s 11fefec3-14b9-3196-9de5-1a80f030002d  |i ea679648-fd43-3552-b121-de3cf478e2a1  |t 0 
952 f f |a Texas A&M University  |b College Station  |c Electronic Resources  |s www_evans  |d Available Online  |t 0  |h No information provided 
998 f f |t 0  |l Available Online